Steden van Oost-Vlaanderen - Statistics

General Stats
  • This quiz has been taken 49 times
  • The average score is 9 of 12
Answers on the Map
Answers color-coded by a green-red scale on the quiz's map according to % correct below.
 
Answer Stats
answer % Correct
Gent | Gand | Ghent | Gaunt
100%
Sint-Niklaas | Saint-Nicolas
93%
Aalst | Alost
90%
Eeklo
75%
Dendermonde | Termonde
73%
Lokeren | Locres
73%
Oudenaarde | Audenarde
73%
Deinze | Deynse
68%
Geraardsbergen | Grammont | Gerhardsbergen
65%
Ninove
65%
Ronse | Renaix
65%
Zottegem
58%
No matching quizzes found
Score Distribution
Percent of People with Each Score
Percentile by Number Answered
Your Score History
You have not taken this quiz